Every CFB Ranked Teams 2025 - Statistics

General Stats
  • This quiz has been taken 97 times
  • The average score is 32 of 46
Answer Stats
Answer % Correct
Ohio State
95%
Texas
93%
Alabama
92%
Georgia
91%
Michigan
89%
Indiana
88%
Miami
88%
Oregon
85%
Texas Tech
85%
Florida
84%
Texas A&M
84%
Florida State
83%
James Madison
80%
Tulane
80%
Georgia Tech
79%
Penn State
79%
Clemson
77%
USC
77%
Ole Miss
76%
Vanderbilt
76%
LSU
75%
Oklahoma
75%
Tennessee
75%
BYU
71%
Arizona State
68%
Notre Dame
68%
Virginia
68%
Auburn
67%
Iowa State
67%
Washington
67%
Illinois
63%
Utah
61%
South Carolina
60%
Boise State
55%
Kansas State
55%
Louisville
55%
North Texas
52%
Missouri
51%
SMU
51%
USF
51%
TCU
44%
Cincinnati
43%
Navy
41%
Houston
39%
Memphis
32%
Pittsburgh
31%
No matching quizzes found
Score Distribution
Percent of People with Each Score
Percentile by Number Answered
Your Score History
You have not taken this quiz